Fr. Conceicao Rodrigues College of Engineering

Research methods:concepts and cases (Record no. 29904)

MARC details
000 -LEADER
fixed length control field 00318nam a2200157Ia 4500
082 ## - DEWEY DECIMAL CLASSIFICATION NUMBER
Item number CHA
100 ## - MAIN ENTRY--PERSONAL NAME
Personal name Chawla
250 ## - EDITION STATEMENT
Edition statement 2
245 ## - TITLE STATEMENT
Title Research methods:concepts and cases
260 ## - PUBLICATION, DISTRIBUTION, ETC.
Name of publisher, distributor, etc. Vikas
546 ## - LANGUAGE NOTE
Language note ENGLISH
650 ## - SUBJECT ADDED ENTRY--TOPICAL TERM
Topical term or geographic name entry element Research methods
654 ## - SUBJECT ADDED ENTRY--FACETED TOPICAL TERMS
Focus term research methods
942 ## - ADDED ENTRY ELEMENTS (KOHA)
Koha item type BOOK
Holdings
Withdrawn status Lost status Damaged status Not for loan Collection Home library Current library Date acquired Source of acquisition Cost, normal purchase price Inventory number Total Checkouts Full call number Barcode Date last seen Cost, replacement price Price effective from Koha item type
        CRC Fr. Agnel's C.Rodrigues College of Engineering Fr. Agnel's C.Rodrigues College of Engineering 17/03/2023 Allied Publishers 599.00 775 dt 14.03.2019   CHA 25561 17/03/2023 599.00   BOOK